Principles of noise.

Saved in:
Bibliographic Details
Main Author: Freeman, Jacob Joachim
Format: Book
Language:English
Published: N.Y. : Wiley, 1958.
Subjects:
LEADER 00731nam a22002171 4500
001 c000055385
003 CARM
005 00000000000000.0
008 s1958 nyu 0 eng d
019 1 |a 4145591  |z 42739151  |5 LACONCORD2021 
035 |a (OCoLC)1691784  |5 LACONCORD2021 
100 1 |a Freeman, Jacob Joachim. 
245 1 0 |a Principles of noise. 
260 |a N.Y. :  |b Wiley,  |c 1958. 
650 0 |a Electro-acoustics. 
650 0 |a Telecommunication. 
650 0 |a Noise. 
852 8 |b CARM  |h A2:AK02F0  |i C03956  |p 0201188  |f BK 
082 0 4 |a 621.38 
999 f f |i d2b3f4f9-841b-500a-baef-938225398d29  |s 8107e07f-3906-5d9c-9699-4bd01108e40c 
952 f f |p Can circulate  |a CAVAL  |b CAVAL  |c CAVAL  |d CARM 1 Store  |e C03956  |f A2:AK02F0  |h Other scheme  |i book  |m 0201188